Шарабан: повести, рассказы

Bibliographische Detailangaben
1. Verfasser: Шипилов Н. А. Николай Александрович
Weitere Verfasser: Кокин О. (иллюстратор)
Zusammenfassung:Исключено из фонда НТБ ТПУ
Sprache:Russisch
Veröffentlicht: Москва, Современник, 1987
Schriftenreihe:Новинки "Современника"
Format: MixedMaterials Buch
KOHA link:https://koha.lib.tpu.ru/cgi-bin/koha/opac-detail.pl?biblionumber=152815

MARC

LEADER 00000nam0a2200000 4500
001 152815
005 20231031151140.0
020 |a RU  |b 87-95870 
035 |a (RuTPU)RU\TPU\book\165683 
090 |a 152815 
100 |a 20090205d1987 m y0rusy5003 ca 
101 0 |a rus 
102 |a RU 
105 |a a z 000ay 
200 1 |a Шарабан  |e повести, рассказы  |f Н. А. Шипилов  |g худож. О. Кокин 
210 |a Москва  |c Современник  |d 1987 
215 |a 252 с.  |c ил. 
225 1 |a Новинки "Современника" 
333 |a Исключено из фонда НТБ ТПУ 
700 1 |a Шипилов  |b Н. А.  |g Николай Александрович 
702 1 |a Кокин  |b О.  |4 440 
801 0 |a RU  |b RuMRKP  |c 19950417  |g psbo 
801 1 |a RU  |b 63413507  |c 20090205  |g PSBO 
801 2 |a RU  |b 63413507  |c 20220517  |g PSBO 
942 |c BK